[Event "Top Jeunes"]
[Site "Levallois-Perret"]
[Date "2010.11.21"]
[Round "3.10"]
[White "PHAM, Arthur"]
[Black "KANTZER, Romain"]
[Result "0-1"]
[WhiteElo "1009"]
[BlackElo "1420"]
[PlyCount "70"]
[WhiteTeam "Bois-Colombes"]
[BlackTeam "Bischwiller"]

1. e4 e5 2. Nf3 Nc6 3. Bc4 Bc5 4. d3 Nf6 5. Bg5 d6 6. h3 O-O 7. Nc3 Be6 8. Nd5
Bxd5 9. Bxd5 h6 10. Bh4 Nd4 11. Nxd4 Bxd4 12. c3 Bc5 13. Bxb7 Rb8 14. Bd5 Rxb2
15. d4 exd4 16. cxd4 Bb4+ 17. Kf1 Re8 18. Qf3 c5 19. dxc5 Bxc5 20. g4 Qb6 21.
Rh2 Bd4 22. Rc1 Qb4 23. Rc7 Rb1+ 24. Kg2 Qe1 25. Qg3 Nxd5 26. exd5 Qe4+ 27. Qf3
Rg1+ 28. Kxg1 Qxf3 29. Rg2 Qd1+ 30. Kh2 Be5+ 31. Bg3 Bxg3+ 32. Rxg3 Re1 33. Rg2
Rh1+ 34. Kg3 Qd3+ 35. Kf4 g5# 0-1

[Event "Top Jeunes"]
[Site "Montpellier"]
[Date "2010.12.19"]
[Round "4.1"]
[White "Giroyan, Gary"]
[Black "Malka, Samuel"]
[Result "1-0"]
[WhiteElo "2258"]
[BlackElo "1966"]
[PlyCount "78"]

1. e4 c5 2. Nf3 d6 3. d4 cxd4 4. Nxd4 Nf6 5. Nc3 g6 6. f3 Bg7 7. Be3 Nc6 8. Qd2
O-O 9. g4 Nxd4 10. Bxd4 Be6 11. h4 Qa5 12. h5 h6 13. O-O-O g5 14. Kb1 Kh8 15.
a3 Rfc8 16. Be2 Bc4 17. Rhe1 Nd7 18. f4 gxf4 19. Bxg7+ Kxg7 20. Qxf4 Qe5 21.
Qe3 Bxe2 22. Rd5 Qf6 23. g5 Qf3 24. gxh6+ Kh7 25. Qg5 Qf6 26. Rxe2 Qxg5 27.
Rxg5 Kxh6 28. Reg2 Rxc3 29. bxc3 Ne5 30. Ka2 Rc8 31. Kb3 Rc6 32. Rg8 Kh7 33.
Re8 Rc7 34. Rgg8 Kh6 35. Rh8+ Kg5 36. h6 Ng6 37. Rh7 Ne5 38. Rg8+ Kh5 39. Rg1
Rc5 1-0

[Event "Top Jeunes"]
[Site "Montpellier"]
[Date "2010.12.19"]
[Round "4.2"]
[White "Bombail, Leonard"]
[Black "Neri, Jean-Baptiste"]
[Result "1/2-1/2"]
[WhiteElo "1763"]
[BlackElo "2063"]
[PlyCount "47"]

1. b3 d5 2. Bb2 c5 3. e3 Nc6 4. Bb5 Nf6 5. f4 a6 6. Bxc6+ bxc6 7. Nf3 g6 8. O-O
Bg7 9. c4 O-O 10. Qc1 Qb6 11. Nc3 dxc4 12. Na4 Qb5 13. Qxc4 Qxc4 14. bxc4 Rb8
15. Be5 Rb4 16. Nxc5 Rxc4 17. Rfc1 Rxc1+ 18. Rxc1 Rd8 19. Nd4 Bf8 20. Ncb3 Bd7
21. Nc5 Bc8 22. Ncb3 Bd7 23. Nxc6 Rc8 24. Ncd4 1/2-1/2

[Event "Top Jeunes"]
[Site "Montpellier"]
[Date "2010.12.19"]
[Round "4.3"]
[White "Lamard, Guillaume"]
[Black "Gerstenkorn, Jim-David"]
[Result "1-0"]
[WhiteElo "2152"]
[BlackElo "1460"]
[PlyCount "55"]

1. d4 d5 2. Nf3 e6 3. c4 c5 4. cxd5 exd5 5. g3 Nf6 6. Bg2 Nc6 7. O-O Be7 8. Bg5
O-O 9. dxc5 Bxc5 10. Nc3 d4 11. Bxf6 Qxf6 12. Nd5 Qd8 13. Nd2 Be6 14. Nf4 Bf5
15. Nc4 Rc8 16. Rc1 Re8 17. a3 a6 18. b4 Bf8 19. Nb2 Be4 20. Na4 Bxg2 21. Kxg2
b6 22. Rc2 g6 23. Qc1 Qc7 24. Nd5 Qb7 25. Kg1 Rxe2 26. Rxe2 Nxb4 27. Nf6+ Kh8
28. Qf4 1-0

[Event "Top Jeunes"]
[Site "Montpellier"]
[Date "2010.12.19"]
[Round "4.4"]
[White "Caslani, Nicolas"]
[Black "Froment, Theophile"]
[Result "0-1"]
[WhiteElo "1698"]
[BlackElo "1877"]
[PlyCount "98"]

1. e4 e6 2. d4 d5 3. exd5 exd5 4. c4 Nc6 5. Be3 Nf6 6. cxd5 Bb4+ 7. Bd2 Bxd2+
8. Qxd2 Qxd5 9. Nf3 Bg4 10. Be2 O-O 11. Nc3 Qd7 12. Rd1 Rfe8 13. O-O Rad8 14.
d5 Bxf3 15. Bxf3 Ne5 16. Be2 c6 17. f4 Ng6 18. Qc2 Nxd5 19. Rxd5 cxd5 20. Bb5
Qc7 21. Bxe8 Rxe8 22. Qd2 Rd8 23. Ne2 d4 24. Kh1 d3 25. Nc3 a6 26. Rf3 Qc4 27.
f5 Nf8 28. Rg3 f6 29. h3 Kh8 30. Rf3 b5 31. Rf4 Qc7 32. Rf2 b4 33. Ne4 Qc4 34.
Rf4 Qxa2 35. Qxb4 Qb1+ 36. Kh2 Qc2 37. Qe7 Qc8 38. Nxf6 Qb8 39. Nh5 Rd7 40. Qe1
d2 41. Qd1 Qd6 42. g3 Qb6 43. f6 g6 44. Ng7 Qxb2 45. Ne8 a5 46. f7 Qa2 47. Rf2
a4 48. Qf3 Qb2 49. Qf4 Qd4 0-1

[Event "Top Jeunes"]
[Site "Montpellier"]
[Date "2010.12.19"]
[Round "4.6"]
[White "Muller, Martial"]
[Black "Raynaud, Jean-Philippe"]
[Result "0-1"]
[WhiteElo "1250"]
[BlackElo "1620"]
[PlyCount "46"]

1. e4 c6 2. d4 d5 3. e5 c5 4. Nf3 Bg4 5. Be3 cxd4 6. Bxd4 e6 7. Nc3 Nc6 8. Be2
Nge7 9. Nh4 Bxe2 10. Nxe2 Ng6 11. Nf3 Be7 12. O-O O-O 13. c3 Rc8 14. Rc1 Qc7
15. Qb3 Ngxe5 16. Nxe5 Nxe5 17. Bxa7 Nc4 18. Be3 Qe5 19. Qxb7 Nxe3 20. fxe3
Qxe3+ 21. Rf2 Bc5 22. Rcf1 Qxe2 23. Qb5 Qxb5 0-1

[Event "Top Jeunes"]
[Site "Montpellier"]
[Date "2010.12.19"]
[Round "4.7"]
[White "Mautin, Arthur"]
[Black "Malandre, Lucie"]
[Result "1-0"]
[WhiteElo "1430"]
[BlackElo "1009"]
[PlyCount "35"]

1. d4 d5 2. c4 c6 3. cxd5 cxd5 4. Nc3 Nf6 5. Nf3 Nc6 6. Bg5 e6 7. e3 Bb4 8. Be2
O-O 9. O-O Qc7 10. Bxf6 g6 11. a3 Bd6 12. e4 a6 13. Qc1 Re8 14. Qh6 Bf8 15. Qh4
h6 16. e5 Be7 17. Qxh6 Qd8 18. Qh8# 1-0

[Event "Top Jeunes"]
[Site "Montpellier"]
[Date "2010.12.19"]
[Round "4.8"]
[White "Bergougnoux, Axel"]
[Black "Gillard, Martin"]
[Result "1-0"]
[WhiteElo "1360"]
[BlackElo "1009"]
[PlyCount "97"]

1. e4 e5 2. Nf3 Nc6 3. Nc3 Nf6 4. d4 exd4 5. Nxd4 Nxd4 6. Qxd4 d6 7. Bg5 h6 8.
Bh4 g5 9. Bg3 c5 10. Qd2 Qe7 11. Bd3 b5 12. Bxb5+ Bd7 13. Bd3 Bg7 14. O-O h5
15. Qxg5 Bh6 16. Qh4 Rg8 17. Rfe1 Bg5 18. e5 Bxh4 19. exf6 Qxe1+ 20. Rxe1+ Kf8
21. Bxh4 Bh3 22. Bg3 Rd8 23. gxh3 h4 24. Kg2 hxg3 25. hxg3 Re8 26. Rh1 Re6 27.
Ne4 d5 28. Nxc5 Ke8 29. Nxe6 fxe6 30. h4 Rh8 31. h5 Kf7 32. f4 Kxf6 33. g4 e5
34. g5+ Kf7 35. fxe5 Kg7 36. h6+ Kf7 37. g6+ Kg8 38. g7 Rh7 39. Bxh7+ Kxh7 40.
e6 Kg8 41. h7+ Kxg7 42. h8=Q+ Kg6 43. Qg8+ Kf5 44. Rf1+ Ke5 45. Qf7 d4 46. Re1+
Kd5 47. Qd7+ Kc5 48. Re5+ Kc4 49. Qa4# 1-0

[Event "Top Jeunes"]
[Site "Montpellier"]
[Date "2010.12.19"]
[Round "4.9"]
[White "Gillard, Martin"]
[Black "Mautin, Arthur"]
[Result "0-1"]
[WhiteElo "1009"]
[BlackElo "1430"]
[PlyCount "77"]

1. e4 c6 2. Bc4 d5 3. exd5 cxd5 4. Bb5+ Bd7 5. Bxd7+ Qxd7 6. Nc3 Nf6 7. Nf3 Nc6
8. d3 e5 9. Bd2 Bc5 10. O-O O-O 11. Qe2 Qf5 12. Rae1 Rfe8 13. Nh4 Qh5 14. Nf3
Rac8 15. Na4 Bd6 16. a3 Ng4 17. h3 Nf6 18. b4 e4 19. dxe4 dxe4 20. Nh2 Qe5 21.
g3 Nd4 22. Qd1 Nxc2 23. Re2 Nxa3 24. Bf4 Qh5 25. g4 Qxh3 26. Qxd6 Nxg4 27. Rfe1
Nxh2 28. Bxh2 Qg4+ 29. Qg3 Qxg3+ 30. Bxg3 Nc2 31. Rb1 Nd4 32. Rd2 Nf3+ 33. Kg2
Nxd2 34. Rd1 Nc4 35. Nc5 e3 36. Ne4 Rxe4 37. Bc7 exf2 38. Kxf2 Rce8 39. Bf4 0-1

[Event "Top Jeunes"]
[Site "Montpellier"]
[Date "2010.12.19"]
[Round "4.10"]
[White "Malandre, Lucie"]
[Black "Bergougnoux, Axel"]
[Result "0-1"]
[WhiteElo "1009"]
[BlackElo "1360"]
[PlyCount "58"]

1. e4 d5 2. Nf3 dxe4 3. Ne5 c6 4. Bd3 exd3 5. cxd3 Bf5 6. O-O e6 7. h3 Nf6 8.
d4 Qxd4 9. d3 Qxe5 10. Bd2 Bxd3 11. Re1 Qxb2 12. Nc3 Bb4 13. Bf4 Qxc3 14. Re3
Be2 15. Rxc3 Bxd1 16. Rxd1 Bxc3 17. Rc1 Ne4 18. f3 Bd4+ 19. Kh1 Nf2+ 20. Kg1
Nd3+ 21. Kh1 Nxc1 22. a3 Bb2 23. a4 Ne2 24. Be3 Bd4 25. Bd2 O-O 26. Ba5 Rd8 27.
Bb4 Bc5 28. Bxc5 Rd1+ 29. Bg1 Nxg1 0-1

[Event "Top Jeunes"]
[Site "Montpellier"]
[Date "2010.12.19"]
[Round "4.1"]
[White "Gelas, Christophe"]
[Black "Loiseau, Quentin"]
[Result "1/2-1/2"]
[WhiteElo "2007"]
[BlackElo "2219"]
[PlyCount "39"]

1. d4 Nf6 2. c4 g6 3. f3 Bg7 4. e4 d6 5. Nc3 O-O 6. Bg5 a6 7. Qd2 c5 8. d5 b5
9. cxb5 Nbd7 10. a4 Qa5 11. Ra3 Nb6 12. Bd3 Re8 13. Nge2 Nfd7 14. f4 Qb4 15. a5
Nc4 16. Bxc4 Qxc4 17. b6 e6 18. Ra4 Qb3 19. Ra3 Qc4 20. Ra4 1/2-1/2

[Event "Top Jeunes"]
[Site "Montpellier"]
[Date "2010.12.19"]
[Round "4.3"]
[White "Bandet, Raphael"]
[Black "Pruvot, Louis"]
[Result "1/2-1/2"]
[WhiteElo "1764"]
[BlackElo "1898"]
[PlyCount "60"]

1. e4 e5 2. Nf3 Nc6 3. Bc4 Bc5 4. b4 Bxb4 5. c3 Be7 6. d4 Na5 7. Bd3 exd4 8.
O-O dxc3 9. Nxc3 d6 10. Bb2 Nc6 11. Re1 Bg4 12. Qa4 Qd7 13. Bb5 Bxf3 14. gxf3
Nf6 15. Nd5 O-O 16. Bxc6 bxc6 17. Qxc6 Rfd8 18. Qxc7 Nxd5 19. Qxd7 Rxd7 20.
exd5 Bf6 21. Bxf6 gxf6 22. Re2 Rc8 23. Rae1 Kf8 24. Kg2 a5 25. Re4 Rc5 26. Re8+
Kg7 27. Rd1 Rb7 28. Rd4 Rb2 29. Rg4+ Kh6 30. Rh4+ Kg7 1/2-1/2

[Event "Top Jeunes"]
[Site "Montpellier"]
[Date "2010.12.19"]
[Round "4.4"]
[White "Amghar, Ismael"]
[Black "Dombre, Antoine"]
[Result "1/2-1/2"]
[WhiteElo "1600"]
[BlackElo "1625"]
[PlyCount "75"]

1. e4 c5 2. Nf3 g6 3. h4 Nf6 4. Nc3 d6 5. d4 cxd4 6. Qxd4 Nc6 7. Bb5 Bd7 8.
Bxc6 bxc6 9. Bg5 Bg7 10. O-O-O Qb6 11. Qxb6 axb6 12. Bxf6 Bxf6 13. Nd4 c5 14.
Nde2 b5 15. a3 Bc6 16. f3 b4 17. Nb1 Bb5 18. Rhe1 O-O 19. c3 bxa3 20. Nxa3 Bxe2
21. Rxe2 Bxc3 22. bxc3 Rxa3 23. Kd2 Rb8 24. Rc1 Rb2+ 25. Kd3 Raa2 26. Rcc2 Rxc2
27. Rxc2 Rxc2 28. Kxc2 Kg7 29. g4 Kf6 30. f4 Ke6 31. c4 f5 32. exf5+ gxf5 33.
g5 Kf7 34. h5 e5 35. fxe5 dxe5 36. Kd3 Ke6 37. Ke3 Kf7 38. Kf3 1/2-1/2

[Event "Top Jeunes"]
[Site "Montpellier"]
[Date "2010.12.19"]
[Round "4.5"]
[White "Bianchi, Tobias"]
[Black "Mohammad, Fahim"]
[Result "0-1"]
[WhiteElo "1610"]
[BlackElo "1866"]
[PlyCount "106"]

1. d4 d5 2. c4 e6 3. Nc3 c6 4. cxd5 exd5 5. Nf3 Bd6 6. Bg5 f6 7. Bd2 Ne7 8. e3
O-O 9. Bd3 c5 10. O-O Nbc6 11. Qc2 h6 12. a3 Be6 13. Nb5 c4 14. Bh7+ Kh8 15.
Nh4 Bb8 16. Nf5 a6 17. Nc3 Nxf5 18. Bxf5 Qd6 19. f4 Ne7 20. Bxe6 Qxe6 21. e4
Ba7 22. Be3 dxe4 23. Qxe4 Qxe4 24. Nxe4 Nf5 25. Bf2 Bxd4 26. Bxd4 Nxd4 27. Nd6
b5 28. g3 Rad8 29. Nb7 Ne2+ 30. Kf2 Rd2 31. Kf3 Rxb2 32. Nc5 Nd4+ 33. Ke4 Rd8
34. f5 Rxh2 35. Nxa6 Re2+ 36. Kf4 Rd5 37. g4 Rde5 38. Rad1 R5e4+ 39. Kg3 R2e3+
40. Kf2 Rf3+ 41. Kg2 Rxg4+ 42. Kh2 Rxa3 43. Nc5 c3 44. Rc1 c2 45. Ne6 Rc3 46.
Rf2 b4 47. Nxd4 Rxd4 48. Rfxc2 Rxc2+ 49. Rxc2 b3 50. Rb2 Rb4 51. Kg3 h5 52. Kf3
Kh7 53. Ke3 Kh6 0-1

[Event "Top Jeunes"]
[Site "Montpellier"]
[Date "2010.12.19"]
[Round "4.6"]
[White "Chevalier, Ezio"]
[Black "Lavault, Jeremie"]
[Result "1-0"]
[WhiteElo "1640"]
[BlackElo "1460"]
[PlyCount "35"]

1. d4 Nf6 2. c4 e6 3. Nf3 b6 4. Nc3 Bb4 5. Bg5 O-O 6. e4 d6 7. Qc2 h6 8. Bh4 c5
9. e5 cxd4 10. exf6 dxc3 11. bxc3 g5 12. Bxg5 hxg5 13. Nxg5 Bxc3+ 14. Qxc3 e5
15. Qf3 e4 16. Nxe4 Bb7 17. Qg3+ Kh8 18. Qg7# 1-0

[Event "Top Jeunes"]
[Site "Montpellier"]
[Date "2010.12.19"]
[Round "4.7"]
[White "Lavault, Samuel"]
[Black "Le, Quan Anh"]
[Result "0-1"]
[WhiteElo "1520"]
[BlackElo "1420"]
[PlyCount "48"]

1. e4 e5 2. Nf3 Nc6 3. Bc4 Nf6 4. Ng5 d5 5. exd5 Nd4 6. d6 Qxd6 7. Nxf7 Qc6 8.
d3 Qxg2 9. Rf1 Bg4 10. Qxg4 Qxg4 11. f3 Nxf3+ 12. Kf2 Bc5+ 13. Be3 Bxe3+ 14.
Kxe3 Qf4+ 15. Ke2 Nd4+ 16. Ke1 Nxc2+ 17. Ke2 Qxh2+ 18. Kd1 Ne4 19. Nxh8 O-O-O
20. Nf7 Ne3+ 21. Ke1 Nxf1 22. Be6+ Kb8 23. Nxd8 Qf2+ 24. Kd1 Ne3+ 0-1

[Event "Top Jeunes"]
[Site "Montpellier"]
[Date "2010.12.19"]
[Round "4.8"]
[White "Lary, Damien"]
[Black "Legros, Aymeric"]
[Result "1-0"]
[WhiteElo "1410"]
[BlackElo "1370"]
[PlyCount "39"]

1. e4 e5 2. Nf3 Nc6 3. Bc4 Nf6 4. Ng5 d5 5. exd5 Nxd5 6. Nxf7 Kxf7 7. Qf3+ Ke6
8. Nc3 Ncb4 9. O-O c6 10. Qe4 b5 11. Bb3 Bb7 12. d4 Qd6 13. f4 Be7 14. a3 Na6
15. dxe5 Qc5+ 16. Be3 Qxe3+ 17. Qxe3 Bc5 18. Qxc5 Nxc5 19. Bxd5+ cxd5 20. Nxb5
1-0

[Event "Top Jeunes"]
[Site "Montpellier"]
[Date "2010.12.19"]
[Round "4.9"]
[White "Legros, Aymeric"]
[Black "Lavault, Samuel"]
[Result "0-1"]
[WhiteElo "1370"]
[BlackElo "1520"]
[PlyCount "48"]

1. e4 c5 2. d4 cxd4 3. c3 dxc3 4. Nxc3 Nc6 5. Nf3 d6 6. Bc4 Nf6 7. Bf4 g6 8.
O-O Bg7 9. Qe2 O-O 10. Rfd1 Qc7 11. Nb5 Qd7 12. e5 Ne8 13. exd6 exd6 14. Bxd6
Nxd6 15. Rxd6 Qg4 16. h3 Qf4 17. Re1 Ne5 18. Qe4 Nxf3+ 19. gxf3 Qxf3 20. Re3
Qf5 21. Qxf5 Bxf5 22. Bd5 Bxb2 23. Rb3 Be5 24. Bxb7 Rab8 0-1

[Event "Top Jeunes"]
[Site "Montpellier"]
[Date "2010.12.19"]
[Round "4.10"]
[White "Le, Quan Anh"]
[Black "Lary, Damien"]
[Result "1-0"]
[WhiteElo "1420"]
[BlackElo "1410"]
[PlyCount "131"]

1. e4 e5 2. Nf3 Nc6 3. Bb5 d6 4. O-O a6 5. Ba4 b5 6. Bb3 Nf6 7. Nc3 a5 8. Nxb5
a4 9. Bd5 Nxd5 10. exd5 Ba6 11. dxc6 Bxb5 12. d3 Bxc6 13. d4 Bxf3 14. Qxf3 exd4
15. Re1+ Be7 16. Qc6+ Qd7 17. Qxa8+ Qd8 18. Qxd8+ Kxd8 19. c3 dxc3 20. bxc3 Bf6
21. Bb2 Kd7 22. Rab1 Rb8 23. Re2 Bxc3 24. Bxc3 Rxb1+ 25. Re1 Rxe1+ 26. Bxe1 c5
27. Kf1 Kc6 28. Ke2 Kb5 29. Kd3 d5 30. a3 d4 31. f3 Kc6 32. Kc4 Kb6 33. g4 f6
34. Bg3 Kc6 35. Bb8 g5 36. Ba7 h6 37. Bxc5 f5 38. Bxd4 fxg4 39. fxg4 Kd6 40.
Kb4 Kd5 41. Bg7 Ke4 42. Bxh6 Kf4 43. Bf8 Kxg4 44. Bd6 Kh3 45. Bg3 g4 46. Kxa4
Kg2 47. Kb4 Kf3 48. a4 Ke4 49. a5 Kd5 50. Kb5 Kd4 51. a6 Kc3 52. a7 Kb3 53.
a8=Q Kc3 54. Be5+ Kd3 55. Qa3+ Ke4 56. Qg3 Kf5 57. Qf4+ Ke6 58. Qxg4+ Kxe5 59.
h4 Kf6 60. h5 Kf7 61. Qg6+ Kf8 62. h6 Ke7 63. h7 Kf8 64. h8=R+ Ke7 65. Rh7+ Kf8
66. Qf7# 1-0

[Event "Top Jeunes"]
[Site "Montpellier"]
[Date "2010.12.19"]
[Round "4.1"]
[White "Cabanes, Kim"]
[Black "Aflalo, Sophie"]
[Result "0-1"]
[WhiteElo "1990"]
[BlackElo "2031"]
[PlyCount "82"]

1. d4 Nf6 2. Bf4 g6 3. e3 Bg7 4. Be2 d6 5. Nf3 O-O 6. O-O Nbd7 7. h3 Ne4 8.
Nbd2 Nxd2 9. Qxd2 e5 10. dxe5 dxe5 11. Bg5 Qe8 12. e4 Nc5 13. Qd5 Ne6 14. Be3
f6 15. Rad1 Qe7 16. c3 Kh8 17. b4 Nf4 18. Qd2 Nxe2+ 19. Qxe2 b6 20. a4 Bb7 21.
Qc4 f5 22. Bg5 Qf7 23. Qxf7 Rxf7 24. Bd8 h6 25. exf5 gxf5 26. Bh4 Rg8 27. Ne1
e4 28. c4 Bc3 29. Nc2 f4 30. Rd8 Rxd8 31. Bxd8 Rd7 32. Bh4 Rd2 33. Na3 e3 34.
Nb1 e2 35. Bf6+ Bxf6 36. Nxd2 exf1=Q+ 37. Nxf1 Bc3 38. a5 Bxb4 39. axb6 cxb6
40. Nh2 h5 41. Kf1 a5 0-1

[Event "Top Jeunes"]
[Site "Montpellier"]
[Date "2010.12.19"]
[Round "4.2"]
[White "Ralaivao, Maxence"]
[Black "Allamel, Benjamin"]
[Result "1/2-1/2"]
[WhiteElo "1868"]
[BlackElo "1531"]
[PlyCount "47"]

1. d4 d6 2. c4 e5 3. d5 Nf6 4. Nc3 g6 5. e4 Bg7 6. Be2 O-O 7. Bg5 Nbd7 8. Nf3
Nb6 9. Nd2 c6 10. O-O h6 11. Be3 Qd7 12. f4 Ng4 13. Bxg4 Qxg4 14. Qxg4 Bxg4 15.
fxe5 dxe5 16. c5 Nc8 17. Nc4 Bd7 18. Rad1 f5 19. d6 f4 20. Bf2 g5 21. b4 h5 22.
a4 Bf6 23. b5 g4 24. g3 1/2-1/2

[Event "Top Jeunes"]
[Site "Montpellier"]
[Date "2010.12.19"]
[Round "4.3"]
[White "Agussol, Lucas"]
[Black "Stark, Gabriel"]
[Result "0-1"]
[WhiteElo "1586"]
[BlackElo "1778"]
[PlyCount "98"]

1. Nf3 Nf6 2. d4 g6 3. Bg5 Bg7 4. Nbd2 O-O 5. e3 d6 6. Be2 Nbd7 7. c3 c5 8. e4
Rb8 9. O-O b5 10. e5 dxe5 11. dxc5 e4 12. Nd4 Qc7 13. Nxb5 Qxc5 14. Be3 Qf5 15.
Nxa7 Rxb2 16. Nc4 Rb7 17. Nc6 Re8 18. Nd4 Qd5 19. Qa4 Nc5 20. Qc6 Bd7 21. Qxd5
Nxd5 22. Na5 Ra7 23. Ndc6 Nxe3 24. Nxa7 Nxf1 25. Bxf1 Bxc3 26. Rc1 Bxa5 27.
Rxc5 Bb6 28. Rc4 Be6 29. Ra4 Ra8 30. Ra6 Bxa7 31. Be2 Bd5 32. Kf1 Bc5 33. Rxa8+
Bxa8 34. a4 Bb4 35. Bb5 Kg7 36. Ke2 Kf6 37. Ke3 Ke5 38. Be8 f5 39. Bf7 Bc6 40.
Bb3 f4+ 41. Ke2 g5 42. h3 h5 43. g3 f3+ 44. Kf1 e6 45. g4 h4 46. Kg1 Bd5 47.
Bc2 Ba5 48. Kf1 Kd4 49. Kg1 Kc3 0-1

[Event "Top Jeunes"]
[Site "Montpellier"]
[Date "2010.12.19"]
[Round "4.4"]
[White "Letheux, Mathias"]
[Black "Arnaud-Audiffren, Alexandre"]
[Result "0-1"]
[WhiteElo "1374"]
[BlackElo "1519"]
[PlyCount "102"]

1. d4 Nf6 2. c4 e6 3. Nc3 Bb4 4. Nf3 d5 5. e3 Nbd7 6. Bd3 b6 7. O-O Bb7 8. Bd2
O-O 9. a3 Bd6 10. Qe2 e5 11. cxd5 exd4 12. Nxd4 Nxd5 13. Nxd5 Bxd5 14. Bxh7+
Kxh7 15. Qh5+ Kg8 16. Qxd5 Nf6 17. Qf3 c5 18. Nb3 Be5 19. Rad1 Qc7 20. Bc3
Bxh2+ 21. Kh1 Be5 22. Bxe5 Qxe5 23. Rb1 Ne4 24. Rfd1 Rfd8 25. Nd2 Nxd2 26. Rxd2
Rxd2 27. Qxa8+ Kh7 28. Qf3 f6 29. Qh3+ Kg6 30. f4 Qh5 31. Qxh5+ Kxh5 32. b4 c4
33. b5 Re2 34. Rc1 Rxe3 35. Rxc4 Rxa3 36. Rc7 g5 37. fxg5 Kxg5 38. Rg7+ Kf5 39.
g4+ Ke6 40. Rg6 Kf7 41. Rh6 Ra5 42. Rh5 Ra4 43. g5 fxg5 44. Rxg5 Ke6 45. Kg2
Kd6 46. Kf3 a6 47. bxa6 Rxa6 48. Ke4 Ra4+ 49. Kd3 Kc6 50. Kc3 b5 51. Rg3 Ra3+
0-1

[Event "Top Jeunes"]
[Site "Montpellier"]
[Date "2010.12.19"]
[Round "4.5"]
[White "Sambuc, David"]
[Black "Stark, Antoine"]
[Result "0-1"]
[WhiteElo "1310"]
[BlackElo "1675"]
[PlyCount "96"]

1. d4 Nf6 2. e3 g6 3. Bd3 Bg7 4. f4 d6 5. Nf3 Bg4 6. O-O O-O 7. c3 Nbd7 8. Nbd2
c5 9. a3 Nd5 10. Nc4 b5 11. Be4 N7f6 12. Ncd2 Nxe3 13. Qe2 Nxf1 14. Bxa8 Nxd2
15. Bxd2 Qxa8 16. h3 Bxf3 17. Qxf3 Qxf3 18. gxf3 cxd4 19. cxd4 Nd5 20. Bc3 Nxf4
21. Kf2 Nxh3+ 22. Kg3 Ng5 23. Re1 e6 24. f4 e5 25. dxe5 Ne6 26. exd6 Bxc3 27.
bxc3 Rd8 28. Rd1 f5 29. d7 Nc5 30. Rd5 Ne4+ 31. Kf3 Nxc3 32. Rd3 Ne4 33. Rd5
Kf7 34. Rxb5 Rxd7 35. a4 Ke6 36. a5 Rd5 37. Rb7 Rd7 38. Rb5 h6 39. a6 Rd3+ 40.
Ke2 Nc3+ 41. Kxd3 Nxb5 42. Kc4 Nc7 43. Kb4 Nxa6+ 44. Kb5 Nc7+ 45. Kc6 h5 46.
Kxc7 h4 47. Kb7 h3 48. Kxa7 h2 0-1

[Event "Top Jeunes"]
[Site "Montpellier"]
[Date "2010.12.19"]
[Round "4.6"]
[White "Le Cour, Hugo"]
[Black "Willems, Niels"]
[Result "0-1"]
[WhiteElo "1372"]
[BlackElo "1670"]
[PlyCount "74"]

1. d4 Nf6 2. c4 c5 3. d5 b5 4. cxb5 a6 5. bxa6 Bxa6 6. Nc3 d6 7. Nf3 g6 8. g3
Bg7 9. e4 Bxf1 10. Kxf1 Nbd7 11. Kg2 O-O 12. Re1 Ng4 13. Bd2 Qb6 14. Rb1 Nde5
15. Nxe5 Nxe5 16. f4 Nd3 17. Rf1 Nb4 18. a3 Na6 19. b4 cxb4 20. axb4 Rfc8 21.
Rf3 Rc4 22. b5 Nc7 23. Qe2 Bxc3 24. Bxc3 Rca4 25. Kh1 Ra2 26. Qe1 Rc2 27. Rb2
Rxb2 28. Bxb2 Qxb5 29. Qc3 f6 30. f5 g5 31. Rf2 Qb6 32. Rg2 Qa5 33. Qe1 Qxe1+
34. Rg1 Qxe4+ 35. Rg2 Qb1+ 36. Rg1 Qxb2 37. Re1 Ra2 0-1

[Event "Top Jeunes"]
[Site "Montpellier"]
[Date "2010.12.19"]
[Round "4.7"]
[White "Barbe Asensio, Cyrielle"]
[Black "Coulet, Arthur"]
[Result "1-0"]
[WhiteElo "1390"]
[BlackElo "1325"]
[PlyCount "97"]

1. b3 d5 2. Bb2 Nc6 3. e3 e5 4. Bb5 Bd6 5. Ne2 Nf6 6. O-O O-O 7. d3 a6 8. Bxc6
bxc6 9. c4 Be6 10. Nd2 Qd7 11. Rc1 dxc4 12. Nxc4 Be7 13. Nxe5 Qe8 14. Nxc6 Bd6
15. Ne5 Bd5 16. d4 Rd8 17. Nf4 Ba8 18. Re1 Bxe5 19. Qd3 Qb5 20. Qxb5 axb5 21.
dxe5 Rd2 22. Bc3 Ne4 23. Bxd2 Nxd2 24. f3 b4 25. Red1 Rd8 26. Kf2 Bb7 27. Ke1
Nxf3+ 28. gxf3 Rxd1+ 29. Rxd1 h6 30. Rd7 Bxf3 31. Rxc7 g5 32. Kf2 Be4 33. Ng2
Bb1 34. Rb7 Bxa2 35. Rxb4 Kg7 36. Rb7 h5 37. e6 Kf8 38. exf7 Bb1 39. b4 Bg6 40.
b5 Bd3 41. b6 Be4 42. Rc7 h4 43. b7 Bxb7 44. Rxb7 h3 45. Ne1 Kg7 46. f8=Q+ Kxf8
47. Kg3 Ke8 48. Kxh3 Kd8 49. Kg4 1-0

[Event "Top Jeunes"]
[Site "Montpellier"]
[Date "2010.12.19"]
[Round "4.8"]
[White "Di Frenna, Oscar"]
[Black "Coulet, Axel"]
[Result "0-1"]
[WhiteElo "1009"]
[BlackElo "1190"]
[PlyCount "45"]

1. e4 e6 2. Nf3 d5 3. Nc3 c5 4. exd5 exd5 5. d4 Nc6 6. dxc5 Bxc5 7. Bg5 Nge7 8.
Qe2 O-O 9. O-O-O Qc7 10. Bd2 Re8 11. Qe1 Bd7 12. Bb5 Nf5 13. Be2 Rac8 14. Be3
Nxe3 15. fxe3 Rxe3 16. Rxd5 Qf4 17. Rxd7 Rxe2+ 18. Rd2 Rxe1+ 19. Nxe1 Rd8 20.
Nd3 Qg5 21. Re1 Be3 22. Rxe3 Qxe3 23. Ne2 0-1

[Event "Top Jeunes"]
[Site "Montpellier"]
[Date "2010.12.19"]
[Round "4.9"]
[White "Coulet, Axel"]
[Black "Barbe Asensio, Cyrielle"]
[Result "0-1"]
[WhiteElo "1190"]
[BlackElo "1390"]
[PlyCount "56"]

1. d4 b6 2. c4 Bb7 3. Nc3 e6 4. e4 Bb4 5. Nf3 Bxc3+ 6. bxc3 Bxe4 7. Be2 Nf6 8.
O-O O-O 9. Bg5 Bb7 10. Bd3 d5 11. Bc2 dxc4 12. Rb1 h6 13. Bxf6 Qxf6 14. Rb4
Bxf3 15. gxf3 Nd7 16. Rxc4 c5 17. Qd3 g6 18. Kh1 e5 19. Rg1 exd4 20. cxd4 cxd4
21. Rxd4 Ne5 22. Qe4 Nxf3 23. Rxg6+ fxg6 24. Qd5+ Kh8 25. Re4 Qa1+ 26. Kg2 h5
27. Re3 Qg1+ 28. Kh3 Qg4# 0-1

[Event "Top Jeunes"]
[Site "Montpellier"]
[Date "2010.12.19"]
[Round "4.10"]
[White "Coulet, Arthur"]
[Black "Di Frenna, Oscar"]
[Result "1-0"]
[WhiteElo "1325"]
[BlackElo "1009"]
[PlyCount "23"]

1. d4 d5 2. c4 e6 3. Nc3 dxc4 4. e4 Bb4 5. Bxc4 Nf6 6. Bg5 O-O 7. e5 Nbd7 8.
exf6 gxf6 9. Bh6 Ne5 10. dxe5 Qe7 11. Qg4+ Kh8 12. Bg7+ 1-0

[Event "Top Jeunes"]
[Site "Montpellier"]
[Date "2010.12.19"]
[Round "4.1"]
[White "Tobitt-Jupillat, Eric"]
[Black "Martin, Axel"]
[Result "0-1"]
[WhiteElo "1605"]
[BlackElo "1952"]
[PlyCount "88"]

1. e4 e5 2. Nf3 Nf6 3. Nc3 Nc6 4. Bc4 Nxe4 5. Nxe4 d5 6. Bb5 dxe4 7. Nxe5 Qd5
8. Bxc6+ bxc6 9. Ng4 Ba6 10. Ne3 Qe5 11. Rb1 Bd6 12. b3 O-O 13. Bb2 Qf4 14. Qg4
Qxg4 15. Nxg4 Rae8 16. c4 f5 17. Ne3 Rd8 18. Nc2 Bf4 19. Rd1 Bc8 20. Nd4 Be5
21. Nxc6 Bxb2 22. Nxd8 Rxd8 23. O-O Bd4 24. Rb1 Bf6 25. Rfd1 Bb7 26. Kf1 Kf7
27. g3 Rd4 28. Ke1 Ke6 29. Rdc1 Ba6 30. Rc2 Be7 31. Ke2 Kd6 32. Ke1 Kc6 33.
Rbc1 Ba3 34. Rb1 Kc5 35. Kd1 g5 36. Ke1 Bc8 37. h3 a5 38. Ke2 Rd6 39. Rh1 Kd4
40. h4 Rh6 41. Rc3 gxh4 42. gxh4 f4 43. f3 exf3+ 44. Kxf3 Bb7+ 0-1

[Event "Top Jeunes"]
[Site "Montpellier"]
[Date "2010.12.19"]
[Round "4.2"]
[White "Grigorian, Roudolph"]
[Black "Mamecier, Kevin"]
[Result "1-0"]
[WhiteElo "1888"]
[BlackElo "1410"]
[PlyCount "77"]

1. e4 e5 2. Nf3 Nc6 3. Bc4 Bc5 4. c3 Nf6 5. d3 O-O 6. Nbd2 d6 7. Nf1 Re8 8. Ng3
a6 9. Bb3 h6 10. O-O Be6 11. Be3 b6 12. d4 Bxb3 13. Qxb3 exd4 14. cxd4 Nxe4 15.
Nxe4 Rxe4 16. Qd5 Qe8 17. dxc5 bxc5 18. a3 Rb8 19. b3 Rb6 20. Rae1 Re6 21. Bd2
Qd7 22. Re3 Rb8 23. Rfe1 Rbe8 24. Bc3 Nb8 25. Nh4 Qc6 26. Qxc6 Nxc6 27. Nf5
Rxe3 28. Rxe3 Rxe3 29. Nxe3 Nd4 30. Bxd4 cxd4 31. Nd5 c5 32. Kf1 Kf8 33. Ke2 f5
34. Kd3 g5 35. b4 Kf7 36. bxc5 dxc5 37. Nc7 Ke7 38. Nxa6 Kd6 39. Kc4 1-0

[Event "Top Jeunes"]
[Site "Montpellier"]
[Date "2010.12.19"]
[Round "4.3"]
[White "Baudry, Remi"]
[Black "Rodriguez, Adrien"]
[Result "0-1"]
[WhiteElo "1619"]
[BlackElo "1859"]
[PlyCount "44"]

1. d4 Nf6 2. Nf3 e6 3. Bf4 c5 4. e3 d5 5. c3 Nc6 6. Nbd2 Bd6 7. Bg3 O-O 8. Bd3
Re8 9. dxc5 Bxc5 10. e4 e5 11. O-O Bg4 12. Re1 d4 13. h3 Bh5 14. Nb3 Bb6 15.
cxd4 Nxd4 16. Nbd2 Ba5 17. Bxe5 Bxd2 18. Qxd2 Nxf3+ 19. gxf3 Rxe5 20. Qc3 Rg5+
21. Kf1 Qd7 22. Bc2 Rc8 0-1